الادارة الاستراتيجية : مدخل متكامل / (Record no. 829)

MARC details
000 -LEADER
fixed length control field 01080nam a2200241 a 4500
001 - CONTROL NUMBER
control field 829
005 - DATE AND TIME OF LATEST TRANSACTION
control field 20221127090030.0
008 - FIXED-LENGTH DATA ELEMENTS--GENERAL INFORMATION
fixed length control field 050920s lsu a | 00000|ara d
020 ## - INTERNATIONAL STANDARD BOOK NUMBER
International Standard Book Number 9960244970 :
Terms of availability رس 160.00(مجموعة).
035 ## - SYSTEM CONTROL NUMBER
System control number 842
082 04 - DEWEY DECIMAL CLASSIFICATION NUMBER
Classification number 658.4012
Item number هـ 573
100 1# - MAIN ENTRY--PERSONAL NAME
Personal name هل، شارلز.
245 12 - TITLE STATEMENT
Title الادارة الاستراتيجية : مدخل متكامل /
Statement of responsibility, etc. شارلز هل، جاريث جونز ؛ ترجمة ومراجعة رفاعي محمد رفاعي، محمد سيداحمد عبدالمتعال.
260 ## - PUBLICATION, DISTRIBUTION, ETC.
Place of publication, distribution, etc. الرياض :
Name of publisher, distributor, etc. دار المريخ،
Date of publication, distribution, etc. 2006.
300 ## - PHYSICAL DESCRIPTION
Extent 2 ج :
Other physical details ايض. ؛
Dimensions 24 سم.
500 ## - GENERAL NOTE
General note ترجمة لكتاب : Strategic management / Charles Hill, Gareth Jones. 4th ed. 1998.
650 #4 - SUBJECT ADDED ENTRY--TOPICAL TERM
Topical term or geographic name entry element ادارة الاعمال.
650 #4 - SUBJECT ADDED ENTRY--TOPICAL TERM
Topical term or geographic name entry element الادارة الاستراتيجية.
650 #4 - SUBJECT ADDED ENTRY--TOPICAL TERM
Topical term or geographic name entry element النجاح الاداري.
700 1# - ADDED ENTRY--PERSONAL NAME
Personal name جونز، جاريث،
Relator term م. مشارك.
700 1# - ADDED ENTRY--PERSONAL NAME
Personal name رفاعي، رفاعي محمد،
Relator term مترجم.
700 1# - ADDED ENTRY--PERSONAL NAME
Personal name عبدالمتعال، محمد سيداحمد،
Relator term مترجم.
Holdings
Withdrawn status Lost status Damaged status Not for loan Home library Current library Date acquired Total Checkouts Full call number Barcode Date last seen Copy number Price effective from Koha item type
        CENTRAL CENTRAL 11/27/2022   658.4012 مDC 573 1000000004445 11/27/2022 C1 11/27/2022 Book